| 000 | 00921nam a22003017a 4500 | ||
|---|---|---|---|
| 001 | 0000808 | ||
| 003 | KOHA_MİRAKIL | ||
| 005 | 20260207001221.0 | ||
| 007 | ta | ||
| 008 | 081212b2006 tu |||grd|||#0|||1|tur | | ||
| 020 |
_a9754712492 _cYTL86,53 |
||
| 040 |
_aTR-BiSEU _btur _cTR-BiSEU _erda |
||
| 041 | 0 | _atur | |
| 044 | _ctu | ||
| 050 |
_aPL193 _b.F73 2006 |
||
| 245 | 0 | _aFransızca-Türkçe Türkçe-Fransızca büyük sözlük. | |
| 264 | 1 |
_aİstanbul : _bFono Yayınları _c2006 |
|
| 300 |
_a1540 sayfa + _e1 CD-ROM |
||
| 336 |
_ametin _btxt _2rdacontent |
||
| 337 |
_aaracısız _bn _2rdamedia |
||
| 338 |
_acilt _bnc _2rdacarrier |
||
| 650 | 0 |
_aTurkish language--Dictionaries--French. _93343 |
|
| 650 | 0 |
_aFrench language--Dictionaries--Turkish. _93344 |
|
| 650 | 0 |
_aTürk Dili--Sozlukler--Fransızca. _93345 |
|
| 650 | 0 |
_aFransız dili--Sözlükler--Türkçe. _93346 |
|
| 907 | _aSözlük | ||
| 942 |
_2lcc _cBK |
||
| 999 |
_c803 _d803 |
||